Law of the European Union (Запись № 11732160)

Подробности
000 -МАРКЕР
контрольное поле 01687nam0a2200385 4500
001 - ИДЕНТИФИКАТОР ЗАПИСИ
контрольное поле RU\NLR\BIBL_A\011446870
005 - ИДЕНТИФИКАТОР ВЕРСИИ
контрольное поле 20260406105754.0
010 ## - МЕЖДУНАРОДНЫЙ СТАНДАРТНЫЙ НОМЕР КНИГИ (ISBN)
Номер (ISBN) 9785927323326
Тираж 500
021 ## - НОМЕР ГОСУДАРСТВЕННОЙ РЕГИСТРАЦИИ
Код страны российская федерация
Номер 2017-48529
Номер Листа государственной регистраци 3481
035 ## - ДРУГИЕ СИСТЕМНЫЕ НОМЕРА
Идентификатор записи (RuMoRGB)008928623
035 ## - ДРУГИЕ СИСТЕМНЫЕ НОМЕРА
Идентификатор записи (NLR Aleph) 011446870
100 ## - ДАННЫЕ ОБЩЕЙ ОБРАБОТКИ
Данные общей обработки 20170801d2016 km y0rusy50 ba
101 0# - ЯЗЫК РЕСУРСА
Язык текста, звукозаписи и т.д. английский
-- русский
Язык резюме русский
Язык оглавления русский
102 ## - СТРАНА ПУБЛИКАЦИИ ИЛИ ПРОИЗВОДСТВА
Страна публикации российская федерация
105 ## - ПОЛЕ КОДИРОВАННЫХ ДАННЫХ: ТЕКСТОВЫЕ МАТЕРИАЛЫ, МОНОГРАФИЧЕСКИЕ
Кодированные данные о монографическом текстовом документе y j 000zy
200 1# - ЗАГЛАВИЕ И СВЕДЕНИЯ ОБ ОТВЕТСТВЕННОСТИ
Основное заглавие Law of the European Union
Сведения, относящиеся к заглавию [a textbook for master students
Первые сведения об ответственности Abdullin A. I., Akimenko Y. Y., Antsupova T. O. et al.
Последующие сведения об ответственности ed. P. Biriukov and V. Tuliakov]
210 ## - ПУБЛИКАЦИЯ, РАСПРОСТРАНЕНИЕ И ДР.
Место издания, распространения и т.д. Voronezh
Имя издателя, распространителя и т. д. VSU publ. house
Дата издания, распространения и т.д. 2016
215 ## - ФИЗИЧЕСКАЯ ХАРАКТЕРИСТИКА
Специфическое обозначение материала и объем 474 с.
Размеры 24
300 ## - ОБЩИЕ ПРИМЕЧАНИЯ
Текст примечания Авт. указаны на с. 3
300 ## - ОБЩИЕ ПРИМЕЧАНИЯ
Текст примечания Рез. на рус. яз.
320 ## - ПРИМЕЧАНИЯ О НАЛИЧИИ В ДОКУМЕНТЕ БИБЛИОГРАФИИ / УКАЗАТЕЛЯ
Текст примечания Библиогр. в конце гл.
541 1# - ПЕРЕВОД ЗАГЛАВИЯ, СДЕЛАННЫЙ КАТАЛОГИЗАТОРОМ
Заглавие Право Европейского Союза
606 1# - НАИМЕНОВАНИЕ ТЕМЫ КАК ПРЕДМЕТ
Наименование темы Право
Географический подзаголовок Страны Европейского Союза
Системный номер авторитетной/нормативной записи 2173565
Идентификатор авторитетной/нормативной записи RU\NLR\AUTH\661307354
686 1# - ИНДЕКСЫ ДРУГИХ КЛАССИФИКАЦИЙ
Индекс Х915.232.5
701 #1 - ИМЯ ЛИЦА - АЛЬТЕРНАТИВНАЯ ОТВЕТСТВЕННОСТЬ
Графика поля Латинская
Материалы, к которым относится поле rus
Начальный элемент ввода Abdullin
Часть имени, кроме начального элемента ввода A. I.
Дополнения к именам, кроме дат д-р юрид. наук
Расширение инициалов личного имени Adel' Il'sijarovič
Системный номер авторитетной/нормативной записи 178330
Идентификатор авторитетной/нормативной записи RU\NLR\AUTH\770178381
701 #1 - ИМЯ ЛИЦА - АЛЬТЕРНАТИВНАЯ ОТВЕТСТВЕННОСТЬ
Графика поля Латинская
Материалы, к которым относится поле rus
Начальный элемент ввода Akimenko
Часть имени, кроме начального элемента ввода Ju. Ju.
Дополнения к именам, кроме дат канд. юрид. наук
Расширение инициалов личного имени Julija Jur'evna
Системный номер авторитетной/нормативной записи 178331
Идентификатор авторитетной/нормативной записи RU\NLR\AUTH\770178382
701 #1 - ИМЯ ЛИЦА - АЛЬТЕРНАТИВНАЯ ОТВЕТСТВЕННОСТЬ
Графика поля Латинская
Материалы, к которым относится поле rus
Начальный элемент ввода Ancupova
Часть имени, кроме начального элемента ввода T. A.
Дополнения к именам, кроме дат д-р юрид. наук
Расширение инициалов личного имени Tat'jana Aleksandrovna
Системный номер авторитетной/нормативной записи 178340
Идентификатор авторитетной/нормативной записи RU\NLR\AUTH\770178391
702 #1 - ИМЯ ЛИЦА - ВТОРИЧНАЯ ОТВЕТСТВЕННОСТЬ
Код отношения Редактор
Графика поля Латинская
Материалы, к которым относится поле rus
Начальный элемент ввода Birjukov
Часть имени, кроме начального элемента ввода P. N.
Дополнения к именам, кроме дат д-р юрид. наук
Даты 1966-
Расширение инициалов личного имени Pavel Nikolaevič
Системный номер авторитетной/нормативной записи 178341
Идентификатор авторитетной/нормативной записи RU\NLR\AUTH\770178392
711 02 - НАИМЕНОВАНИЕ ОРГАНИЗАЦИИ - АЛЬТЕРНАТИВНАЯ ОТВЕТСТВЕННОСТЬ
Материалы, к которым относится поле eng
Начальный элемент ввода European union
Графика поля Латинская
Идентификатор авторитетной/нормативной записи RU\NLR\AUTH\884705
Системный номер авторитетной/нормативной записи 280951
942 ## - ДОПОЛНИТЕЛЬНЫЕ ЭЛЕМЕНТЫ ЗАПИСИ (АБИС)
Тип экземпляра АБИС Книга
980 ## - КОЛЛЕКЦИЯ
Название коллекции НБР

Нет доступных экземпляров.